| 000 | nam a22 a 4500 | ||
|---|---|---|---|
| 999 |
_c390775 _d390775 |
||
| 003 | BLK | ||
| 005 | 20210811030709.0 | ||
| 008 | 180911b bul|||||r ||||||| ||bul|| | ||
| 010 | _a004530 | ||
| 040 | _aBLK | ||
| 041 |
_aFRE _cFRE |
||
| 080 |
_aИстория на Балканските страни като цяло _b94(497) _x94(497) |
||
| 100 |
_aEngelhard, Eduard-Philippe _9435709 |
||
| 245 | 0 | 0 |
_aLa Turquie et les principautés danubiennes sous le régime des capitulations _bEtudes et projet de réforme applicable à la Roumanie et à la Serbie: Extrait de la Revue de droit international et de Legislation comparee, T. XII, 1879, N. V-VI _cEduard-Philippe Engelhard. |
| 257 | _aFRA | ||
| 260 |
_aParis _bCotillon, Libr. du conseil d'etat _c1879 _9435355 |
||
| 300 |
_a31 c. _c24 см |
||
| 380 | _a9 | ||
| 490 |
_aКолекция Редки и ценни издания _9435080 |
||
| 650 | 7 |
_9163782 _aНационалноосвободително движение - балкански страни - история |
|
| 653 | 7 |
_9193024 _aОсманска империя |
|
| 655 |
_aистория _9396557 |
||
| 852 |
_aРф 879 _bРц |
||
| 942 |
_cKNG _n0 _s1 |
||
| 944 |
_aCR _c2020-10-28 _kТД |
||
| 999 | _d390775 | ||
| 999 | _d344864 | ||
| 999 | _d344864 | ||